00532nam a2200181Ia 450000500170000000800410001702000120005804000190007004100120008908200200010110000170012124501210013826000330025930000150029250400190030770000140032685000100034020230327121634.0131103s9999 xx 000 0 und d cRs.2.00 aLoreto College aEnglish a822.91bSHA-WAR aShaw,Bernard aArms and the manb an anti - romantic comedy in three acts cBernard Sham;with an introduction and notes by A.C.Ward aBombaybOrient Longmanc1958 axx,114 p.  aIncludes notes aWard,A.C. aLCLIB